[Event "SLO-chT2 East"]
[Site "Slovenia"]
[Date "2014.09.27"]
[Round "3"]
[White "Cojhter, Karl"]
[Black "Gaber, Jozsef"]
[Result "1-0"]
[WhiteElo "2062"]
[BlackElo "2047"]
[PlyCount "79"]
[EventDate "2014.09.13"]
[EventType "team-tourn"]
[EventRounds "9"]
[EventCountry "SLO"]
[SourceTitle "EXT 2019"]
[Source "ChessBase"]
[SourceDate "2018.10.10"]
[SourceVersion "1"]
[SourceVersionDate "2018.10.10"]
[SourceQuality "1"]
[WhiteTeam "Maribor ZSK III"]
[BlackTeam "Lendava Rokada"]
[WhiteTeamCountry "SLO"]
[BlackTeamCountry "SLO"]

1. e4 c5 2. b3 e6 3. Bb2 Nc6 4. Nf3 Qc7 5. g3 d6 6. Bg2 Nf6 7. Nc3 a6 8. d4 cxd4 9. Nxd4 Bd7 10. 0-0 Be7 11. h3 Nxd4 12. Qxd4 Bc6 13. Rad1 0-0-0 14. b4 b5 15. Rd3 e5 16. Qe3 Kb7 17. Ra1 Qb6 18. Qd2 h6 19. a4 Ra8 20. a5 Qc7 21. Nd5 Bxd5 22. exd5 Nd7 23. Rc3 Qd8 24. Rc6 f6 25. c4 bxc4 26. Rc1 Ra7 27. R1xc4 Kb8 28. Qc2 g5 29. Bc1 e4 30. Be3 Rb7 31. Rxa6 f5 32. Bd4 Ne5 33. Bxe5 dxe5 34. Qc3 Qxd5 35. Rac6 Bd6 36. a6 Rb5 37. Bf1 Ka8 38. a7 Kxa7 39. Qa3+ Kb8 40. Qa6 1-0

[Event "HUN-chT2 Szechenyi 1415"]
[Site "Hungary"]
[Date "2014.09.21"]
[Round "2.4"]
[White "Gaber, Jozsef"]
[Black "Szakaly, Laszlo"]
[Result "1-0"]
[WhiteElo "2047"]
[BlackElo "2016"]
[PlyCount "109"]
[EventDate "2014.09.07"]
[EventType "team-tourn"]
[EventRounds "11"]
[EventCountry "HUN"]
[SourceTitle "EXT 2016"]
[Source "ChessBase"]
[SourceDate "2015.10.08"]
[SourceVersion "1"]
[SourceVersionDate "2015.10.08"]
[SourceQuality "1"]
[WhiteTeam "Zala Volan"]
[BlackTeam "Keszthely"]
[WhiteTeamCountry "HUN"]
[BlackTeamCountry "HUN"]

1. e4 c5 2. Nf3 d6 3. d4 cxd4 4. Nxd4 Nf6 5. Nc3 g6 6. Be3 Bg7 7. f3 0-0 8. Qd2 Nc6 9. Bc4 Bd7 10. h4 Nxd4 11. Bxd4 b5 12. Bxb5 Bxb5 13. Nxb5 Qb8 14. c4 Rc8 15. b3 a6 16. Nc3 Qb4 17. Rd1 e6 18. Ne2 Qb7 19. h5 Rd8 20. hxg6 fxg6 21. g4 Qf7 22. 0-0 Rd7 23. Qa5 Qe7 24. Qg5 e5 25. Be3 Qf7 26. Qh4 Bf8 27. Bg5 Be7 28. Nc3 Rf8 29. Qe1 Qg7 30. Qe3 Qf7 31. Bh6 Re8 32. Qb6 Qe6 33. Qf2 Bd8 34. Nd5 Rf7 35. Qg3 Nxd5 36. cxd5 Bb6+ 37. Kg2 Qd7 38. Rc1 Rc8 39. Qe1 Qb7 40. Qb4 Rxc1 41. Rxc1 Bc5 42. Qa5 Rd7 43. Rc4 Qb5 44. Qd2 a5 45. Qg5 Kf7 46. Qd2 Bb4 47. Qc2 Bc5 48. Bd2 Rb7 49. Be1 Qb6 50. Bf2 Rc7 51. a3 Rb7 52. Bxc5 dxc5 53. Rxc5 Qxb3 54. Qxb3 Rxb3 55. Rxa5 1-0

[Event "HUN-chT2 Szechenyi 1314"]
[Site "Hungary"]
[Date "2014.03.08"]
[Round "8.3"]
[White "Gaber, Jozsef"]
[Black "Hajos, Roland"]
[Result "1-0"]
[WhiteElo "2035"]
[BlackElo "2008"]
[PlyCount "75"]
[EventDate "2013.09.08"]
[EventType "team-tourn"]
[EventRounds "11"]
[EventCountry "HUN"]
[SourceTitle "EXT 2016"]
[Source "ChessBase"]
[SourceDate "2015.10.08"]
[SourceVersion "1"]
[SourceVersionDate "2015.10.08"]
[SourceQuality "1"]
[WhiteTeam "Zala Volan"]
[BlackTeam "Szombathely Haladas III"]
[WhiteTeamCountry "HUN"]
[BlackTeamCountry "HUN"]

1. e4 Nc6 2. d4 d5 3. e5 Bf5 4. Bb5 Qd7 5. Nf3 a6 6. Ba4 e6 7. 0-0 h6 8. c3 g5 9. Re1 Be7 10. Na3 g4 11. Nd2 h5 12. Nc2 Nh6 13. Nf1 0-0-0 14. b4 Rdg8 15. Nce3 b5 16. Bb3 Nb8 17. a4 c6 18. Re2 h4 19. Rea2 Kb7 20. Bc2 Bg5 21. Nxf5 Nxf5 22. Bxf5 exf5 23. Bxg5 Rxg5 24. Qd2 Rgh5 25. Qf4 Qe6 26. Nd2 g3 27. Nb3 gxh2+ 28. Kxh2 Qg6 29. axb5 h3 30. g3 Rh4 31. bxc6+ Kc8 32. Qf3 Rg4 33. Nc5 f4 34. Nd7 fxg3+ 35. fxg3 Nxc6 36. Nf6 Rg5 37. Rf1 Kb7 38. Raf2 1-0

[Event "SLO-chT2 East"]
[Site "Slovenia"]
[Date "2013.11.18"]
[Round "7"]
[White "Gaber, Jozsef"]
[Black "Marguc, Franc"]
[Result "1-0"]
[WhiteElo "2035"]
[BlackElo "1887"]
[PlyCount "97"]
[EventDate "2013.09.07"]
[EventType "team-tourn"]
[EventRounds "9"]
[EventCountry "SLO"]
[SourceTitle "EXT 2015"]
[Source "ChessBase"]
[SourceDate "2014.11.20"]
[SourceVersion "1"]
[SourceVersionDate "2014.11.20"]
[SourceQuality "1"]

1. e4 e6 2. d4 d5 3. Nc3 dxe4 4. Nxe4 Nd7 5. Nf3 Ngf6 6. Bg5 Be7 7. Nxf6+ Nxf6 8. Bd3 0-0 9. Qd2 b6 10. Bxf6 Bxf6 11. Be4 Rb8 12. Qd3 h6 13. 0-0-0 Qd6 14. Qe3 Bb7 15. Bxb7 Rxb7 16. h4 Qd5 17. g4 g5 18. hxg5 Bxg5 19. Nxg5 Qxg5 20. f4 Qg6 21. g5 h5 22. Qf3 Rbb8 23. Rxh5 Rfd8 24. Qh3 Kf8 25. Rh8+ Ke7 26. Qa3+ Kd7 27. Qa4+ Ke7 28. Rxd8 Rxd8 29. Qxa7 Rd7 30. Qa3+ c5 31. Qe3 Qf5 32. b3 Qd5 33. c3 c4 34. b4 Ra7 35. Rd2 Qa8 36. Qe2 Qh1+ 37. Kb2 Qa8 38. Qxc4 Rd7 39. Qe2 Qa4 40. d5 Ra7 41. d6+ Kd7 42. Kb1 Qc6 43. Qd3 Ra3 44. Rc2 b5 45. f5 e5 46. g6 fxg6 47. fxg6 Ke6 48. g7 Ra8 49. Qg3 1-0

[Event "SLO-chT2 East"]
[Site "Slovenia"]
[Date "2013.11.16"]
[Round "6"]
[White "Kirbis, Milan"]
[Black "Gaber, Jozsef"]
[Result "1/2-1/2"]
[WhiteElo "2043"]
[BlackElo "2035"]
[PlyCount "33"]
[EventDate "2013.09.07"]
[EventType "team-tourn"]
[EventRounds "9"]
[EventCountry "SLO"]
[SourceTitle "EXT 2015"]
[Source "ChessBase"]
[SourceDate "2014.11.20"]
[SourceVersion "1"]
[SourceVersionDate "2014.11.20"]
[SourceQuality "1"]

1. e4 c5 2. c3 d5 3. exd5 Qxd5 4. d4 e6 5. Nf3 Nf6 6. Na3 Qd8 7. Nc2 Nc6 8. Bd3 cxd4 9. Ncxd4 Nxd4 10. Nxd4 Be7 11. Bf4 0-0 12. 0-0 Bd6 13. Bg5 e5 14. Nf5 Bxf5 15. Bxf5 h6 16. Be3 Qe7 17. Qa4 1/2-1/2

[Event "SLO-chT2 East"]
[Site "Slovenia"]
[Date "2013.10.12"]
[Round "2"]
[White "Gaber, Jozsef"]
[Black "Ivekovic, Zvonimir"]
[Result "1-0"]
[WhiteElo "2035"]
[BlackElo "2317"]
[PlyCount "47"]
[EventDate "2013.09.07"]
[EventType "team-tourn"]
[EventRounds "9"]
[EventCountry "SLO"]
[SourceTitle "EXT 2015"]
[Source "ChessBase"]
[SourceDate "2014.11.20"]
[SourceVersion "1"]
[SourceVersionDate "2014.11.20"]
[SourceQuality "1"]

1. e4 c5 2. Nf3 d6 3. d4 cxd4 4. Nxd4 Nf6 5. Nc3 a6 6. Bg5 e6 7. f4 Nbd7 8. Qf3 Qc7 9. 0-0-0 b5 10. Bd3 Bb7 11. Rhe1 Qb6 12. Bxf6 Nxf6 13. Kb1 Be7 14. g4 0-0 15. Qh3 b4 16. Nd5 exd5 17. exd5 g6 18. Rxe7 Qxd4 19. Rxb7 Qxf4 20. Rf1 Qe5 21. Qf3 Nxd5 22. Bc4 Ne3 23. Rxf7 Rxf7 24. Qxa8+ 1-0

[Event "SLO-chT2 East"]
[Site "Slovenia"]
[Date "2013.10.12"]
[Round "3"]
[White "Mitrovic, Boris1111"]
[Black "Gaber, Jozsef"]
[Result "1/2-1/2"]
[WhiteElo "2089"]
[BlackElo "2035"]
[PlyCount "59"]
[EventDate "2013.09.07"]
[EventType "team-tourn"]
[EventRounds "9"]
[EventCountry "SLO"]
[SourceTitle "EXT 2015"]
[Source "ChessBase"]
[SourceDate "2014.11.20"]
[SourceVersion "1"]
[SourceVersionDate "2014.11.20"]
[SourceQuality "1"]

1. c4 Nf6 2. Nc3 e6 3. e4 d6 4. Nf3 c5 5. d4 cxd4 6. Nxd4 Be7 7. Be3 0-0 8. Be2 Nc6 9. 0-0 Bd7 10. Qd2 Nxd4 11. Bxd4 Bc6 12. Bf3 a6 13. a4 Rc8 14. b4 e5 15. Be3 Bd7 16. Qd3 Qc7 17. Be2 Be6 18. Nd5 Bxd5 19. cxd5 Qc3 20. Bd2 Qd4 21. Qxd4 exd4 22. Bd3 Nd7 23. Rfc1 Ne5 24. Bf1 g5 25. f4 gxf4 26. Bxf4 Bf6 27. Rab1 Rc3 28. b5 axb5 29. Bxb5 Rfc8 30. h3 1/2-1/2

[Event "SLO-chT2 East"]
[Site "Slovenia"]
[Date "2013.09.07"]
[Round "1.2"]
[White "Cmor, Nino"]
[Black "Gaber, Jozsef"]
[Result "1-0"]
[WhiteElo "1931"]
[BlackElo "2035"]
[PlyCount "41"]
[EventDate "2013.09.07"]
[EventType "team-tourn"]
[EventRounds "9"]
[EventCountry "SLO"]
[SourceTitle "EXT 2015"]
[Source "ChessBase"]
[SourceDate "2014.11.20"]
[SourceVersion "1"]
[SourceVersionDate "2014.11.20"]
[SourceQuality "1"]

1. e4 c5 2. Nf3 d6 3. d4 Nf6 4. Nc3 cxd4 5. Nxd4 Nc6 6. Bg5 e6 7. Qd2 a6 8. 0-0-0 Bd7 9. f4 h6 10. Bxf6 Qxf6 11. Nxc6 Bxc6 12. Kb1 Qd8 13. f5 Be7 14. fxe6 fxe6 15. Bc4 Qd7 16. Qe2 b5 17. Bb3 b4 18. Qh5+ Kd8 19. Na4 Rb8 20. Nc5 dxc5 21. Bxe6 1-0

[Event "HUN-chT2 Szechenyi 1213"]
[Site "Hungary"]
[Date "2013.03.24"]
[Round "9.5"]
[White "Kosztolanczi, Gyula"]
[Black "Gaber, Jozsef"]
[Result "1-0"]
[WhiteElo "2130"]
[BlackElo "2037"]
[PlyCount "83"]
[EventDate "2012.09.16"]
[EventType "team-tourn"]
[EventRounds "11"]
[EventCountry "HUN"]
[SourceTitle "EXT 2014"]
[Source "ChessBase"]
[SourceDate "2013.11.20"]
[SourceVersion "1"]
[SourceVersionDate "2013.11.20"]
[SourceQuality "1"]
[WhiteTeam "Tapolca"]
[BlackTeam "Zala Volan"]
[WhiteTeamCountry "HUN"]
[BlackTeamCountry "HUN"]

1. e4 c5 2. Nf3 d6 3. d4 cxd4 4. Nxd4 Nf6 5. Nc3 g6 6. Bc4 Bg7 7. Bb3 0-0 8. f3 Nc6 9. Be3 Bd7 10. Qd2 Rc8 11. h4 h5 12. 0-0-0 Ne5 13. Bh6 Bxh6 14. Qxh6 Rxc3 15. bxc3 Qa5 16. Kb1 Qxc3 17. Qd2 Qc5 18. g4 Bxg4 19. fxg4 Nxe4 20. Qe3 Nc3+ 21. Ka1 Nxd1 22. Rxd1 Nxg4 23. Qxe7 Qe5 24. Qxe5 dxe5 25. Nf3 Kh8 26. Rd7 f6 27. Rxb7 Rd8 28. Re7 Nf2 29. c4 Rd3 30. Ne1 Rh3 31. Kb2 Ne4 32. Rxa7 Rxh4 33. a4 Rh1 34. a5 Rxe1 35. a6 Nc5 36. Ra8+ Kg7 37. a7 Nxb3 38. Rg8+ Kxg8 39. a8Q+ Kg7 40. Kxb3 e4 41. Qa7+ Kg8 42. Qf2 1-0

[Event "SLO-chT2 East"]
[Site "Brezice Maribor"]
[Date "2012.11.03"]
[Round "8"]
[White "Kirbis, Milan"]
[Black "Gaber, Jozsef"]
[Result "0-1"]
[WhiteElo "2019"]
[BlackElo "2037"]
[PlyCount "24"]
[EventDate "2012.09.08"]
[EventType "team-tourn"]
[EventRounds "9"]
[EventCountry "SLO"]
[SourceTitle "EXT 2022"]
[Source "ChessBase"]
[SourceDate "2021.10.06"]
[SourceVersion "1"]
[SourceVersionDate "2021.10.06"]
[SourceQuality "1"]

1. e4 d6 2. Bc4 Nf6 3. d3 g6 4. Nf3 Bg7 5. Qe2 Nbd7 6. Nc3 0-0 7. Bg5 c6 8. Bb3 h6 9. Bd2 e5 10. 0-0 Nc5 11. Rad1 a5 12. Na4 Nxa4 0-1

[Event "SLO-chT2 East"]
[Site "Brezice Maribor"]
[Date "2012.09.08"]
[Round "1"]
[White "Gaber, Jozsef"]
[Black "Lasic, Luka"]
[Result "0-1"]
[WhiteElo "2037"]
[BlackElo "2243"]
[PlyCount "130"]
[EventDate "2012.09.08"]
[EventType "team-tourn"]
[EventRounds "9"]
[EventCountry "SLO"]
[SourceTitle "EXT 2022"]
[Source "ChessBase"]
[SourceDate "2021.10.06"]
[SourceVersion "1"]
[SourceVersionDate "2021.10.06"]
[SourceQuality "1"]

1. e4 d6 2. d4 Nf6 3. Nc3 Nbd7 4. Bc4 e5 5. Nf3 Be7 6. Bb3 0-0 7. dxe5 dxe5 8. 0-0 c6 9. Qe2 Qc7 10. Rd1 Nc5 11. h3 b5 12. a3 Nxb3 13. cxb3 a5 14. Qc2 Qb8 15. Nb1 Bb7 16. Be3 Rd8 17. Nbd2 Nd7 18. Nf1 Qc7 19. Ng3 g6 20. Rac1 Rac8 21. h4 Nf8 22. Ng5 f6 23. Nf3 Ne6 24. h5 Kf7 25. Rxd8 Rxd8 26. Rd1 c5 27. a4 Ba6 28. Rxd8 Qxd8 29. Qe2 Qb6 30. hxg6+ hxg6 31. Nh4 bxa4 32. Qg4 Nf8 33. Bh6 Qe6 34. Ngf5 gxf5 35. Qh5+ Kg8 36. exf5 Qf7 37. Ng6 Nh7 38. bxa4 Bc8 39. g4 Bb7 40. Qh3 Bd6 41. g5 fxg5 42. Bxg5 Bc8 43. Qg3 Qxf5 44. Be7 Kf7 45. Bxd6 Qxg6 46. Qxg6+ Kxg6 47. Bxc5 Bd7 48. Bb6 Bxa4 49. Bxa5 Ng5 50. Bc7 e4 51. Kg2 Kf5 52. Kg3 Nf3 53. Bb6 Bb3 54. Ba5 Ne5 55. Bc3 Nd3 56. Bd4 Bd1 57. Bc3 Nc1 58. Ba5 Bf3 59. Bb6 Ne2+ 60. Kh2 Kg4 61. Be3 Nf4 62. b4 Be2 63. Kg1 Kf3 64. Bxf4 Kxf4 65. Kg2 Bb5 0-1

[Event "SLO-chT2 East"]
[Site "Brezice Maribor"]
[Date "2012.09.08"]
[Round "2"]
[White "Ivekovic, Mario"]
[Black "Gaber, Jozsef"]
[Result "1/2-1/2"]
[WhiteElo "2243"]
[BlackElo "2037"]
[PlyCount "83"]
[EventDate "2012.09.08"]
[EventType "team-tourn"]
[EventRounds "9"]
[EventCountry "SLO"]
[SourceTitle "EXT 2022"]
[Source "ChessBase"]
[SourceDate "2021.10.06"]
[SourceVersion "1"]
[SourceVersionDate "2021.10.06"]
[SourceQuality "1"]

1. e4 c5 2. g3 Nc6 3. Bg2 g6 4. Ne2 Bg7 5. c3 e5 6. Na3 Nge7 7. 0-0 d5 8. exd5 Nxd5 9. Qb3 Nde7 10. Qb5 Qa5 11. Qxa5 Nxa5 12. b4 cxb4 13. cxb4 Nac6 14. b5 Nd8 15. Bb2 0-0 16. Nc4 f6 17. d4 Be6 18. Nd6 Nc8 19. Ba3 Nxd6 20. Bxd6 Rf7 21. d5 Bf5 22. a4 Bf8 23. Bxf8 Kxf8 24. Rfc1 Rd7 25. Ra3 Ke7 26. f4 Nf7 27. Re3 Kf8 28. fxe5 fxe5 29. h3 h5 30. Rc5 Re8 31. Nc3 Nd6 32. Ne4 Bxe4 33. Bxe4 Kg7 34. a5 b6 35. axb6 axb6 36. Rc6 Nxe4 37. Rxe4 Rxd5 38. Rxb6 Rc8 39. Kf2 Rc3 40. Re3 Rd2+ 41. Kf3 Rdd3 42. Rxd3 1/2-1/2

[Event "HUN-chT2 Szechenyi 1011"]
[Site "Hungary"]
[Date "2010.09.26"]
[Round "2.1"]
[White "Gaber, Jozsef"]
[Black "Ruck, Tamas"]
[Result "0-1"]
[WhiteElo "2211"]
[BlackElo "2298"]
[PlyCount "92"]
[EventDate "2010.09.12"]
[EventType "team-tourn"]
[EventRounds "11"]
[EventCountry "HUN"]
[SourceTitle "EXT 2012"]
[Source "ChessBase"]
[SourceDate "2011.11.24"]
[SourceVersion "1"]
[SourceVersionDate "2011.11.24"]
[SourceQuality "1"]
[WhiteTeam "Zala Volan"]
[BlackTeam "HVSE Infraplan"]
[WhiteTeamCountry "HUN"]
[BlackTeamCountry "HUN"]

1. e4 c5 2. Nf3 e6 3. d4 cxd4 4. Nxd4 a6 5. Bd3 Bc5 6. Nb3 Ba7 7. Qe2 d6 8. Be3 Nf6 9. Bxa7 Rxa7 10. Qe3 b6 11. Nc3 Nc6 12. 0-0-0 b5 13. a3 Rd7 14. f3 h5 15. Rhe1 Bb7 16. Qg5 g6 17. h4 Qe7 18. Kb1 Rc7 19. Bxb5 axb5 20. Nxb5 Rd7 21. Rxd6 Rxd6 22. Nxd6+ Qxd6 23. Qxf6 Qe5 24. Qxe5 Nxe5 25. Nc5 Bc6 26. b3 Ke7 27. Rd1 f5 28. Rd4 Rc8 29. b4 fxe4 30. fxe4 Bb5 31. a4 Bf1 32. g3 Rc7 33. a5 Nc6 34. Rd1 Nxb4 35. c3 Na6 36. Nxe6 Kxe6 37. Rxf1 Rxc3 38. g4 hxg4 39. Rg1 g3 40. Kb2 Rf3 41. Kc2 Ke5 42. Kd2 Nc5 43. Ke2 Ra3 44. h5 gxh5 45. Rh1 Ne6 46. Rxh5+ Kxe4 0-1

[Event "SLO-chT2 Ost"]
[Site "Slovenia"]
[Date "2010.09.25"]
[Round "5"]
[White "Kokol, Peter"]
[Black "Gaber, Jozsef"]
[Result "1-0"]
[WhiteElo "2263"]
[BlackElo "2120"]
[PlyCount "69"]
[EventDate "2010.05.29"]
[EventType "team-tourn"]
[EventRounds "9"]
[EventCountry "SLO"]
[SourceTitle "EXT 2022"]
[Source "ChessBase"]
[SourceDate "2021.10.06"]
[SourceVersion "1"]
[SourceVersionDate "2021.10.06"]
[SourceQuality "1"]

1. e4 c5 2. Nf3 d6 3. d4 cxd4 4. Nxd4 Nf6 5. Nc3 Nc6 6. Bc4 Qb6 7. Nb3 e6 8. Be3 Qc7 9. f4 a6 10. a4 Na5 11. Nxa5 Qxa5 12. 0-0 Bd7 13. Kh1 Bc6 14. f5 e5 15. Bg5 Qb4 16. Qd3 Rc8 17. Bxf6 gxf6 18. Bd5 Be7 19. Bb3 Rg8 20. Rae1 Rg7 21. Rf3 Kd7 22. Rg3 Rcg8 23. Rxg7 Rxg7 24. Qh3 Qd4 25. Qf3 Ke8 26. Rd1 Qb4 27. h3 Qc5 28. Rd3 Kf8 29. Qe2 Ke8 30. Kh2 Kf8 31. Nd5 Bd8 32. Qd2 Ba5 33. c3 Bd8 34. Bc2 Qc4 35. Qh6 1-0

[Event "SLO-chT2 Ost"]
[Site "Slovenia"]
[Date "2010.05.29"]
[Round "1"]
[White "Gaber, Jozsef"]
[Black "Peric, Bernard"]
[Result "1-0"]
[WhiteElo "2120"]
[BlackElo "1975"]
[PlyCount "59"]
[EventDate "2010.05.29"]
[EventType "team-tourn"]
[EventRounds "9"]
[EventCountry "SLO"]
[SourceTitle "EXT 2022"]
[Source "ChessBase"]
[SourceDate "2021.10.06"]
[SourceVersion "1"]
[SourceVersionDate "2021.10.06"]
[SourceQuality "1"]

1. e4 Nf6 2. e5 Nd5 3. d4 d6 4. c4 Nb6 5. f4 dxe5 6. fxe5 Nc6 7. Be3 Bf5 8. Nc3 Qd7 9. Nf3 Bg4 10. Qd2 e6 11. Be2 0-0-0 12. Rd1 Qe7 13. c5 Nd5 14. Nxd5 Rxd5 15. 0-0 h6 16. b4 Rd8 17. Qb2 Qd7 18. Bb5 Be7 19. h3 Bh5 20. Qa3 Kb8 21. d5 exd5 22. Nd4 Bxd1 23. Bxc6 bxc6 24. Qa6 Ba4 25. Qxa4 Kb7 26. Rxf7 Qe8 27. e6 Bf6 28. Rd7 Kc8 29. Qa6+ Kb8 30. Nxc6+ 1-0

[Event "SLO-chT2 Ost"]
[Site "Slovenia"]
[Date "2010.05.29"]
[Round "2"]
[White "Ivekovic, Zvonimir"]
[Black "Gaber, Jozsef"]
[Result "1-0"]
[WhiteElo "2326"]
[BlackElo "2120"]
[PlyCount "63"]
[EventDate "2010.05.29"]
[EventType "team-tourn"]
[EventRounds "9"]
[EventCountry "SLO"]
[SourceTitle "EXT 2022"]
[Source "ChessBase"]
[SourceDate "2021.10.06"]
[SourceVersion "1"]
[SourceVersionDate "2021.10.06"]
[SourceQuality "1"]

1. e4 c5 2. Nf3 d6 3. d4 cxd4 4. Nxd4 Nf6 5. Nc3 Nc6 6. Bc4 Qb6 7. Nde2 e6 8. 0-0 Be7 9. Be3 Qc7 10. Bb3 0-0 11. Nd4 Nxd4 12. Bxd4 Bd7 13. f4 e5 14. Be3 Ng4 15. Nd5 Nxe3 16. Nxc7 Nxd1 17. Raxd1 Rac8 18. fxe5 Bg4 19. exd6 Bf6 20. Rd2 Rcd8 21. h3 Bd7 22. Nd5 Be5 23. Ne7+ Kh8 24. Rxf7 Bxb2 25. Rxf8+ Rxf8 26. Bd5 b5 27. Bc6 Bc1 28. Rd1 Be3+ 29. Kh1 Be6 30. Bxb5 Bxa2 31. d7 Bb6 32. Nc6 1-0

[Event "HUN-chT2 Szechenyi 0910"]
[Site "Hungary"]
[Date "2010.04.18"]
[Round "10.4"]
[White "Gaber, Jozsef"]
[Black "Bartha, Sandor"]
[Result "0-1"]
[WhiteElo "2120"]
[BlackElo "2193"]
[PlyCount "80"]
[EventDate "2009.11.08"]
[EventType "team-tourn"]
[EventRounds "11"]
[EventCountry "HUN"]
[SourceTitle "EXT 2011"]
[Source "ChessBase"]
[SourceDate "2010.11.26"]
[SourceVersion "1"]
[SourceVersionDate "2010.11.26"]
[SourceQuality "1"]
[WhiteTeam "Zala Volan"]
[BlackTeam "BSC"]
[WhiteTeamCountry "HUN"]
[BlackTeamCountry "HUN"]

1. e4 c5 2. Nf3 d6 3. d4 cxd4 4. Nxd4 Nf6 5. Nc3 a6 6. Bg5 e6 7. f4 Be7 8. Qf3 Qc7 9. 0-0-0 Nbd7 10. g4 h6 11. Bxf6 Bxf6 12. h4 Bxd4 13. Rxd4 b5 14. Bg2 Rb8 15. Rhd1 Rb6 16. Kb1 0-0 17. g5 g6 18. gxh6 Kh7 19. h5 b4 20. Ne2 a5 21. f5 gxf5 22. exf5 Ne5 23. Qe3 exf5 24. Nf4 Ng4 25. Qd2 Be6 26. Bd5 Re8 27. Re1 Qd7 28. Rd3 Bxd5 29. Nxd5 Rxe1+ 30. Qxe1 Rb8 31. a3 bxa3 32. Rxa3 a4 33. Qf1 Qe6 34. Nc3 Ne3 35. Qg1 Rg8 36. Qc1 Rg2 37. Rxa4 Rxc2 38. Qe1 Qb3 39. Ra2 Nc4 40. Ka1 Rxb2 0-1

[Event "HUN-chT2 Szechenyi 0910"]
[Site "Hungary"]
[Date "2010.04.11"]
[Round "9.2"]
[White "Angyalosi, Daniel"]
[Black "Gaber, Jozsef"]
[Result "1/2-1/2"]
[WhiteElo "2032"]
[BlackElo "2120"]
[PlyCount "65"]
[EventDate "2009.11.08"]
[EventType "team-tourn"]
[EventRounds "11"]
[EventCountry "HUN"]
[SourceTitle "EXT 2011"]
[Source "ChessBase"]
[SourceDate "2010.11.26"]
[SourceVersion "1"]
[SourceVersionDate "2010.11.26"]
[SourceQuality "1"]
[WhiteTeam "Baki Agrocentrum"]
[BlackTeam "Zala Volan"]
[WhiteTeamCountry "HUN"]
[BlackTeamCountry "HUN"]

1. Nf3 Nf6 2. b3 e6 3. Bb2 Be7 4. e3 0-0 5. d4 b6 6. Bd3 Bb7 7. 0-0 c5 8. Nbd2 d5 9. Qe2 Ne4 10. c4 Nd7 11. Rfd1 f5 12. Ne5 Nxe5 13. dxe5 Qe8 14. cxd5 exd5 15. Bb5 Qg6 16. f3 Ng5 17. f4 Ne6 18. Nf3 Rad8 19. a4 a5 20. Rd2 Kh8 21. Rad1 h6 22. h3 Nc7 23. Bd3 Qf7 24. Kh2 Ne6 25. Ba6 Bc6 26. Bb5 Ba8 27. Rg1 Qh5 28. Nd4 Qxe2 29. Nxe2 g5 30. g4 fxg4 31. hxg4 h5 32. Rf1 d4 33. Bc4 1/2-1/2

[Event "HUN-chT2 Szechenyi 0910"]
[Site "Hungary"]
[Date "2010.02.28"]
[Round "7.3"]
[White "Gaber, Jozsef"]
[Black "Nagy, Bence"]
[Result "0-1"]
[WhiteElo "2120"]
[BlackElo "2305"]
[PlyCount "98"]
[EventDate "2009.11.08"]
[EventType "team-tourn"]
[EventRounds "11"]
[EventCountry "HUN"]
[SourceTitle "EXT 2011"]
[Source "ChessBase"]
[SourceDate "2010.11.26"]
[SourceVersion "1"]
[SourceVersionDate "2010.11.26"]
[SourceQuality "1"]
[WhiteTeam "Zala Volan"]
[BlackTeam "Lovo"]
[WhiteTeamCountry "HUN"]
[BlackTeamCountry "HUN"]

1. e4 c5 2. Nf3 e6 3. c4 d6 4. d4 cxd4 5. Nxd4 Nf6 6. Nc3 Be7 7. Be2 0-0 8. 0-0 a6 9. Be3 Qc7 10. Rc1 b6 11. Qd2 Bb7 12. f3 Nbd7 13. Rfd1 Rac8 14. b3 Qb8 15. Qe1 Kh8 16. Qf2 Bd8 17. Bf1 Bc7 18. Qh4 Rce8 19. Bf2 Rg8 20. Qh3 g5 21. g4 Ne5 22. Bg3 Nfd7 23. Bg2 Rg6 24. Rc2 Reg8 25. Bh1 Rf6 26. Rf2 Ng6 27. Qf1 Nde5 28. Qe2 Nf4 29. Bxf4 Rxf4 30. Qd2 Rf6 31. a4 Rfg6 32. Bg2 R6g7 33. Re2 Ng6 34. Qxg5 d5 35. exd5 Nf4 36. Qf6 Nxe2+ 37. Ncxe2 Bxh2+ 38. Kf1 Be5 39. Qe7 Re8 40. Qh4 exd5 41. Nf5 dxc4 42. Nxg7 Bxg7 43. bxc4 Qc7 44. g5 Bc6 45. c5 Qe7 46. Ng3 bxc5 47. Qc4 Qxg5 48. Ne2 Qe3 49. Qxa6 Bxf3 0-1

[Event "HUN-chT2 Szechenyi 0910"]
[Site "Hungary"]
[Date "2009.11.08"]
[Round "1.4"]
[White "Gaber, Jozsef"]
[Black "Volgyi, Robert"]
[Result "1-0"]
[WhiteElo "2120"]
[BlackElo "1934"]
[PlyCount "37"]
[EventDate "2009.11.08"]
[EventType "team-tourn"]
[EventRounds "11"]
[EventCountry "HUN"]
[SourceTitle "EXT 2011"]
[Source "ChessBase"]
[SourceDate "2010.11.26"]
[SourceVersion "1"]
[SourceVersionDate "2010.11.26"]
[SourceQuality "1"]
[WhiteTeam "Zala Volan"]
[BlackTeam "Kertvaros"]
[WhiteTeamCountry "HUN"]
[BlackTeamCountry "HUN"]

1. e4 g6 2. d4 Bg7 3. Nc3 d6 4. Be3 b6 5. Qd2 Bb7 6. Bc4 e6 7. Bb3 Nd7 8. 0-0-0 Qe7 9. f3 h6 10. Nb5 Qd8 11. Ne2 a6 12. Nbc3 Ne7 13. g4 Nc6 14. Nf4 Qe7 15. d5 Na5 16. dxe6 Nxb3+ 17. axb3 Ne5 18. Ncd5 Bxd5 19. Nxd5 1-0

[Event "HUN-chT2 Szechenyi 0809"]
[Site "Hungary"]
[Date "2009.04.19"]
[Round "11.4"]
[White "Pinterne, Kovacs Marta"]
[Black "Gaber, Jozsef"]
[Result "1/2-1/2"]
[WhiteElo "2143"]
[BlackElo "2088"]
[PlyCount "24"]
[EventDate "2008.10.26"]
[EventType "team-tourn"]
[EventRounds "11"]
[EventCountry "HUN"]
[SourceTitle "EXT 2010"]
[Source "ChessBase"]
[SourceDate "2010.11.25"]
[SourceVersion "1"]
[SourceVersionDate "2010.11.25"]
[SourceQuality "1"]
[WhiteTeam "Keszthely"]
[BlackTeam "Zala Volan"]
[WhiteTeamCountry "HUN"]
[BlackTeamCountry "HUN"]

1. d4 d5 2. Nf3 Nf6 3. Bf4 c6 4. Nbd2 Bf5 5. e3 e6 6. Be2 h6 7. Ne5 Be7 8. Bg3 0-0 9. 0-0 c5 10. dxc5 Bxc5 11. Bd3 Bxd3 12. Nxd3 Bd6 1/2-1/2

[Event "Zalakaros op 27th"]
[Site "Zalakaros"]
[Date "2008.05.24"]
[Round "3"]
[White "Bereczki, Janos"]
[Black "Gaber, Jozsef"]
[Result "1-0"]
[WhiteElo "2191"]
[BlackElo "2116"]
[PlyCount "61"]
[EventDate "2008.05.22"]
[EventType "swiss"]
[EventRounds "9"]
[EventCountry "HUN"]
[SourceTitle "CBM 124 Extra"]
[Source "ChessBase"]
[SourceDate "2008.07.03"]
[SourceVersion "1"]
[SourceVersionDate "2008.07.03"]
[SourceQuality "1"]

1. d4 Nf6 2. c4 c5 3. d5 g6 4. Nc3 d6 5. e4 Bg7 6. f4 0-0 7. Nf3 e6 8. Bd3 exd5 9. cxd5 b5 10. Bxb5 Nxe4 11. Nxe4 Qa5+ 12. Kf2 Qxb5 13. Nxd6 Qa6 14. Nxc8 Rxc8 15. Ne5 f6 16. Nf3 Qd6 17. Be3 Na6 18. Qd2 Rab8 19. Rhd1 Rb7 20. Rac1 f5 21. b3 c4 22. bxc4 Rb2 23. Rc2 Nc5 24. Kg1 Ne4 25. Qc1 Qa3 26. Ne5 Bxe5 27. fxe5 Rb1 28. Qxb1 Qxe3+ 29. Kh1 Rxc4 30. d6 Qc5 31. Qb3 1-0